Movies Quiz

Random Movies or Oscar Quiz

300 Greatest Actors Quiz Stats

 Plays Quiz not verified by Sporcle

Score 0/300 Timer 20:00
1 Play Today
Actor % Correct
4Robert De Niro
97.5%
21Tom Hanks
96.1%
7Al Pacino
95.7%
13Dustin Hoffman
95.7%
59Harrison Ford
95.3%
1Marlon Brando
95%
67Philip Seymour Hoffman
95%
43Leonardo DiCaprio
94.3%
75Johnny Depp
94.3%
276Glenn Ford
94.3%
42Morgan Freeman
93.9%
73Tom Cruise
93.9%
15Daniel Day-Lewis
93.5%
36Clint Eastwood
93.2%
6Jack Nicholson
92.5%
5James Stewart
92.1%
47Sean Connery
92.1%
81Robin Williams
92.1%
125Michael Douglas
92.1%
30Denzel Washington
91.8%
41Kirk Douglas
91.8%
9Humphrey Bogart
91.4%
146Brad Pitt
91.4%
8Paul Newman
91%
54Anthony Hopkins
91%
212Melvyn Douglas
90.7%
20John Wayne
90%
29Gene Hackman
90%
85Bill Murray
90%
158Bruce Lee
90%
2Charles Chaplin
89.6%
16Henry Fonda
89.6%
52Robert Redford
89.6%
99Russell Crowe
89.2%
185Christopher Lee
88.9%
22Gregory Peck
88.2%
3Laurence Olivier
87.5%
23Sidney Poitier
87.5%
11Cary Grant
87.1%
28Peter O'Toole
87.1%
66Sean Penn
87.1%
83Woody Allen
87.1%
45Orson Welles
86%
24Gary Cooper
85.7%
107Richard Harris
85.7%
180Ed Harris
85.7%
55James Dean
85.3%
154Matt Damon
85.3%
237Mel Gibson
85.3%
292Chris Cooper
85.3%
193Nicolas Cage
84.2%
123Kevin Spacey
83.9%
181Tommy Lee Jones
83.5%
183Christian Bale
83.5%
186Will Smith
83.5%
124Samuel L. Jackson
83.2%
240James Earl Jones
83.2%
19Jack Lemmon
82.8%
87Jeff Bridges
82.4%
160Liam Neeson
82.4%
260John Travolta
82.4%
76Ben Kingsley
81.7%
221Richard Gere
81.4%
51George C. Scott
81%
105Ralph Fiennes
81%
111Charlton Heston
80.6%
174Edward Norton
80.6%
102George Clooney
80.3%
112Steve McQueen
80.3%
68Gary Oldman
79.6%
203Heath Ledger
79.6%
31Michael Caine
78.5%
241Robert Downey Jr
78.5%
151Jim Carrey
78.1%
17Alec Guinness
77.8%
60Gene Kelly
77.8%
132Ian McKellen
77.8%
32Clark Gable
77.4%
285Steve Martin
77.1%
104Warren Beatty
76.7%
110Yul Brynner
76.7%
250Joe Pesci
76.7%
289Tim Robbins
76.7%
33Richard Burton
76.3%
188Gene Wilder
76.3%
278James Caan
76.3%
48Robert Duvall
76%
100Walter Matthau
75.6%
27Spencer Tracy
74.6%
192Ryan Gosling
74.6%
227John Malkovich
74.6%
70Groucho Marx, or The Marx Brothers
74.2%
223Viggo Mortensen
74.2%
12Buster Keaton
73.8%
291Don Cheadle
73.8%
173Jackie Chan
72.4%
35Burt Lancaster
72%
98John Hurt
72%
159William Hurt
71.7%
167Richard Dreyfuss
71.7%
Actor % Correct
288Arnold Schwarzenegger
71.3%
40Peter Sellers
69.2%
224Ewan McGregor
67.7%
254Joaquin Phoenix
67.7%
284Woody Harrelson
67.7%
38William Holden
66.3%
135Geoffrey Rush
66.3%
144Jeremy Irons
66.3%
272Anthony Perkins
66.3%
238Rex Harrison
65.9%
294Roy Scheider
65.6%
130Jerry Lewis
64.5%
95Errol Flynn
64.2%
96Albert Finney
63.4%
136Omar Sharif
62.7%
153Ernest Borgnine
62.7%
25James Cagney
62.4%
199Willem Dafoe
62%
257Jake Gyllenhaal
62%
293Frank Sinatra
62%
26Gérard Depardieu
61.6%
259Matthew McConaughey
61.6%
265Alan Rickman
61.6%
249Martin Sheen
61.3%
175Tony Curtis
60.9%
138Peter Finch
60.2%
78Dennis Hopper
59.9%
49Anthony Quinn
59.1%
157Javier Bardem
58.8%
121Christopher Walken
57.7%
232Benicio del Toro
57.7%
39Robert Mitchum
57.3%
244Roberto Benigni
57.3%
215Abbott and Costello
56.6%
128Lee Marvin
54.8%
122Donald Sutherland
53.8%
283Leslie Howard
53.8%
299John Cleese
53.8%
145Jon Voight
53%
225Bela Lugosi
51.6%
62Fred Astaire
50.5%
148Richard Attenborough
50.5%
214Walter Huston
48.4%
296Rutger Hauer
48.4%
34Max von Sydow
48%
172Maximilian Schell
48%
53Montgomery Clift
46.2%
226Harvey Keitel
46.2%
261James Woods
46.2%
64Charles Laughton
45.2%
14Marcello Mastroianni
44.8%
63Edward G. Robinson
44.4%
77Fredric March
44.4%
79James Mason
43.7%
103Rod Steiger
43.4%
131Rock Hudson
43%
229Paul Scofield
43%
89John Barrymore
41.9%
139Lionel Barrymore
41.9%
242Steve Buscemi
41.9%
281Brendan Gleeson
41.9%
116John Gielgud
41.6%
247Jason Robards
40.1%
61Peter Lorre
39.8%
114Boris Karloff
39.8%
147Kenneth Branagh
39.8%
10Toshiro Mifune
39.1%
163David Niven
39.1%
93Laurel and Hardy
38.4%
209Eli Wallach
38.4%
230Robert Shaw
37.3%
113Mickey Rooney
36.2%
171Fernando Rey
36.2%
202Karl Malden
36.2%
286Martin Landau
35.1%
298Michael Fassbender
34.8%
280Alan Arkin
34.4%
275Bob Hoskins
33%
50Rudolph Valentino
30.1%
253William Powell
30.1%
118Chow Yun-fat
29.7%
189José Ferrer
29.7%
46Harold Lloyd
29.4%
127Paul Muni
27.6%
258Robert Donat
27.6%
220George Sanders
27.2%
117Vincent Price
26.9%
282Andy Serkis
26.5%
206James Coburn
24%
58Klaus Kinski
23.7%
198Joseph Cotten
23.7%
156Charles Boyer
22.2%
218Wallace Beery
22.2%
176Walter Brennan
21.9%
228The Three Stooges
21.9%
264Lee J. Cobb
21.9%
97Emil Jannings
21.5%
197Arthur Kennedy
21.5%
266Alastair Sim
21.1%
270Michael Redgrave
20.1%
Actor % Correct
91Lon Chaney
19.7%
187Claude Rains
19%
72Douglas Fairbanks
18.6%
71Ronald Colman
18.3%
164Ralph Richardson
17.9%
267Richard Widmark
17.9%
269Victor McLaglen
17.9%
273Walter Pidgeon
17.9%
295Vincent Cassel
17.9%
243Denholm Elliott
17.6%
213Bob Hope
17.2%
252Robert Ryan
16.8%
279Martin Balsam
16.1%
56Alain Delon
15.4%
245Dana Andrews
14.7%
277Gael García Bernal
14.7%
37Jean-Paul Belmondo
14%
200Thomas Mitchell
14%
219Tom Courtenay
14%
268Victor Mature
13.6%
234Harry Dean Stanton
13.3%
92Jean-Louis Trintignant
11.5%
204Bruno Ganz
11.5%
84Philippe Noiret
11.1%
262Donald Crisp
11.1%
236Paul Winfield
10.4%
274Giancarlo Giannini
9.7%
106Tony Leung Chiu Wai
9.3%
115Dirk Bogarde
9.3%
255Peter Cushing
9.3%
143Jacques Tati
8.6%
18Jean Gabin
8.2%
179W. C. Fields
7.9%
165Erich von Stroheim
7.5%
168William S. Hart
7.5%
207Stellan Skarsgård
7.5%
290Sterling Hayden
7.5%
297Gert Fröbe
7.5%
44Vittorio Gassman
6.8%
155Shah Rukh Khan
6.8%
184Aamir Khan
6.8%
256Takeshi Kitano
6.1%
233John Carradine
5.7%
216Nanni Moretti
5%
57Michel Piccoli
4.7%
120Conrad Veidt
4.7%
201Cantinflas
4.7%
205John Gilbert
4.7%
80Louis de Funès
4.3%
137Roscoe 'Fatty' Arbuckle
4.3%
161Fernandel
4.3%
239Bing Crosby
4.3%
94Jean-Pierre Léaud
3.9%
109Yves Montand
3.9%
65Takashi Shimura
3.6%
82Michel Simon
3.6%
196Choi Min-sik
3.6%
86Totò
3.2%
166Daniel Auteuil
3.2%
248Leslie Cheung
3.2%
217Paul Robeson
2.9%
88Amitabh Bachchan
2.5%
208Gian Maria Volonté
2.5%
246Michael Chekhov
2.5%
271Armin Mueller-Stahl
2.5%
194Michel Serrault
2.2%
222Joel McCrea
2.2%
74Tatsuya Nakadai
1.8%
108Raj Kapoor
1.8%
119Alberto Sordi
1.8%
149Gérard Philipe
1.8%
195Ugo Tognazzi
1.8%
69Max Linder
1.4%
90Chishu Ryu
1.4%
141Sessue Hayakawa
1.4%
178Gunnar Björnstrand
1.4%
182Bourvil
1.4%
190Fernando Fernán Gómez
1.4%
263Pedro Infante
1.4%
133Naseeruddin Shah
1.1%
177Dev Anand
1.1%
287Edward Everett Horton
1.1%
150Erland Josephson
0.7%
101Uttam Kumar
0.4%
126Dilip Kumar
0.4%
134Mack Sennett
0.4%
140Rajesh Khanna
0.4%
162Nino Manfredi
0.4%
191Nikolay Cherkasov
0.4%
211Jean-Claude Brialy
0.4%
129Jean Marais
0%
142King Baggot
0%
152Farid Shawqi
0%
169Adel Imam
0%
170Innokenty Smoktunovsky
0%
210Ahmed Zaki
0%
231Gaston Modot
0%
235Raimu
0%
251Rudolf Klein-Rogge
0%
300Jean Hersholt
0%

You're not logged in!

Compare scores with friends on all Sporcle quizzes.
OR
Log In

Show Comments

Extras

Top Quizzes Today


Score Distribution

Your Account Isn't Verified!

In order to create a playlist on Sporcle, you need to verify the email address you used during registration. Go to your Sporcle Settings to finish the process.

Report this User

Report this user for behavior that violates our Community Guidelines.

Details: